Players with 400+ matches for one club (2000-) - Statistics

General Stats
  • This quiz has been taken 16 times
  • The average score is 30 of 43
Answer Stats
Rank Player Positions Nationality Club Matches Goals (assists) Period % Correct
8 Gianluigi Buffon GK 498 0 (0) 2001-2006, 2007-2018, 2019-2021
100%
13 Iker Casillas GK 483 0 (0) 2000-2015
100%
28 Karim Benzema ST 439 238 (110) 2009-2023
100%
3 Lionel Messi RW 520 474 (216) 2004-2021
100%
7 Steven Gerrard CM 500 129 (111) 2000-2015
100%
6 Thomas Müller CF 503 150 (211) 2008-2025
100%
42 Wayne Rooney ST 403 188 (105) 2004-2017
100%
23 Andrés Iniesta CM 445 35 (85) 2002-2018
92%
24 David de Gea GK 443 0 (1) 2011-2023
92%
18 Francesco Totti CF 462 212 (118) 2000-2017
92%
26 Frank Lampard CM 442 149 (102) 2001-2014
92%
14 Javier Zanetti RB 481 4 (16) 2000-2014
92%
12 Sergio Busquets DM 488 12 (35) 2008-2023
92%
17 Sergio Ramos CB 469 72 (30) 2005-2021
92%
16 Xavi CM 477 58 (130) 2000-2015
92%
43 Gerard Piqué CB 402 31 (8) 2008-2023
83%
2 Jesús Navas RB 578 27 (99) 2003-2013, 2017-2025
83%
9 John Terry CB 497 44 (16) 2000-2017
83%
22 Marek Hamsik CM 446 108 (89) 2007-2019
83%
41 Samir Handanovič GK 403 0 (0) 2012-2023
83%
10 Daniele De Rossi DM 490 46 (51) 2002-2019
75%
21 Fernando Muslera GK 455 2 (2) 2011-2025
75%
39 Giorgio Chiellini CB 406 26 (21) 2005-2006, 2007-2022
75%
35 Iñaki Williams RW 415 94 (57) 2014-2025
75%
20 Jamie Carragher CB 459 1 (12) 2000-2013
75%
4 Koke CM 513 40 (97) 2009-2025
75%
40 Antonio Di Natale ST 406 202 (64) 2004-2016
67%
1 Igor Akinfeev GK 649 0 (3) 2002-2009, 2004-2009, 2008-2009, 2010-2025
67%
33 Mark Noble CM 423 48 (40) 2005-2011, 2012-2022
67%
5 Steve Mandanda GK 513 0 (0) 2007-2016, 2017-2022
67%
37 Anthony Lopes GK 414 0 (2) 2012-2024
50%
15 Iker Muniain AM 477 62 (57) 2009-2024
50%
38 Loïc Perrin CB 407 28 (15) 2004-2020
42%
27 Joaquín RW 439 55 (63) 2001-2006, 2015-2023
33%
11 Óscar de Marcos RB 489 31 (55) 2009-2025
33%
19 Sergio Pellissier ST 460 112 (36) 2002-2007, 2008-2019
33%
25 Andoni Iraola RB 442 35 (37) 2003-2015
25%
30 Markel Susaeta RW 430 46 (72) 2007-2019
25%
29 Olivier Deschacht CB 433 8 (22) 2001-2018
25%
31 Patxi Puñal DM 430 24 (30) 2001-2014
25%
36 Vasiliy Berezutskiy CB 415 11 (18) 2001-2009, 2004-2009, 2008-2009, 2010-2018
25%
34 Sergey Ignashevich CB 421 39 (16) 2003-2009, 2004-2009, 2008-2009, 2010-2018
17%
32 Volkan Demirel GK 426 0 (1) 2002-2019
17%
No matching quizzes found
Score Distribution
Percent of People with Each Score
Percentile by Number Answered
Your Score History
You have not taken this quiz